| 000 | 00460nam a2200193Ia 4500 | ||
|---|---|---|---|
| 005 | 20240913125652.0 | ||
| 008 | 240913s9999||||xx |||||||||||||| ||und|| | ||
| 020 | _a0-7680-0639-2 | ||
| 041 | _aENGLISH | ||
| 082 | _A629.2275 P1 | ||
| 100 | _aGarrett T K | ||
| 245 | 4 | _aThe Motor Vehicle | |
| 250 | _a13th | ||
| 260 |
_c2001 _bSAE Internat |
||
| 500 | _aREFERENCE | ||
| 650 |
_aMotor Vehicle _bAutomobile Engineering |
||
| 942 | _cREF | ||
| 999 |
_c246022 _d246022 |
||